AQA A Level Geography: Seismicity Quiz Stats

Quiz not verified by Sporcle

Challenge
Share
Tweet
Embed
Score 0/22 Timer 10:00
0 Plays Today
Question Answer % Correct
Which sort of wave vibrates in the same direction?Primary
74.2%
Are primary waves faster or slower than secondary waves?Faster
71%
'Point directly above focus at the surface of the earth' is a definition of what?Epicentre
64.5%
Name a factor that the impact of an EQ is dependent onFocus
61.3%
What type of boundary do Tsunamis usually occur at?Destructive
61.3%
'Point within earth where EQ rupture starts' is a definition of what?Focus
58.1%
What can S waves travel through?Solids
54.8%
Which sort of wave moves at 90 degrees to the direction of travel?Secondary
54.8%
What sort of scale does the Richter scale use?Logarithmic
54.8%
Name two types of body wavePrimary and secondary
48.4%
What scale measures the impact of EQs?Mercalli scale
48.4%
Question Answer % Correct
Give an example of a secondary EQ hazardLiquefaction
41.9%
Give an example of a primary EQ hazardGround shaking
35.5%
Name two types of surface waveRayleigh and Love
32.3%
What records seismic waves produced by an EQ?Seismogram
25.8%
How long can the wavelength of a tsunami be?Up to 100km
19.4%
How fast can tsunamis travel?Up to 800kmh
19.4%
What sort of energy is suddenly released to cause earthquakes?Stored
16.1%
What is used by a seismogram to determine the location of an EQ?Arrival times of wave
16.1%
What is a tsunami?A vertical displacement of a body of water in the ocean
16.1%
What can tsunamis be impacted by?Cosmic bodies
16.1%
Define seismic wavesAn elastic wave generated by an impluse
0%

You're not logged in!

Compare scores with friends on all Sporcle quizzes.
Sign Up with Email
OR
Log In

You Might Also Like...

Show Comments

Extras

Top Quizzes Today


Score Distribution

Your Account Isn't Verified!

In order to create a playlist on Sporcle, you need to verify the email address you used during registration. Go to your Sporcle Settings to finish the process.

Report this User

Report this user for behavior that violates our Community Guidelines.

Details: